000 00673nam a2200229Ia 4500
003 OSt
005 20230511094355.0
008 210423s2009 xx 000 0 und d
020 _a978-1-107-66290-2
040 _cAL
041 _aeng
082 _a302.35 BHAC
100 _aBHAGAT ( Rabi S );STEERS ( Richard M )
_9102188
245 _aCambridge handbook of culture organizations and work
260 _aNew York
_bCambridge University Press
_c2009
300 _axxii,537p
_bPB
365 _b595
_cINR
650 _aSocial Interaction
_9102189
650 _aSociology
_9102190
906 _aCambridge ; culture ; handbook ; organizations ; work
942 _2ddc
_cBK
999 _c165805
_d165805